[Event "MBSK- MT/HT"]
[Site "?"]
[Date "2000.07.14"]
[Round "1"]
[White "Grampp, Holger"]
[Black "von der Ahe, Florian"]
[Result "1-0"]
[WhiteElo "1729"]
[BlackElo "1349"]
[PlyCount "55"]

1. d4 Nf6 2. Nf3 g6 3. c4 Bg7 4. Nc3 O-O 5. e3 d6 6. Be2 Bg4 7. h3 Bxf3 8. Bxf3
c6 9. O-O Nbd7 10. Qc2 e5 11. d5 cxd5 12. Nxd5 Nxd5 13. Bxd5 Qc7 14. Rd1 Nb6
15. b3 Nxd5 16. Rxd5 Rfd8 17. Ba3 Rd7 18. Rad1 Rad8 19. Qd2 Bf8 20. c5 Qc6 21.
Bb2 b6 22. cxb6 Qxb6 23. Bxe5 Be7 24. Bg3 Qa6 25. Bf4 h5 26. e4 f6 27. e5 fxe5
28. Bxe5 1-0

[Event "MBSK MT/HT"]
[Site "?"]
[Date "2000.07.14"]
[Round "1"]
[White "Thorvaldsen, Petter"]
[Black "Kaupp, Wolfgang"]
[Result "0-1"]
[WhiteElo "1078"]
[BlackElo "1601"]
[PlyCount "92"]

1. d4 d5 2. c4 c6 3. Nf3 Nf6 4. Nc3 dxc4 5. Bg5 Nd5 6. e4 Nxc3 7. bxc3 b5 8. a4
Qc7 9. axb5 cxb5 10. Be2 e6 11. O-O Bb7 12. e5 Be7 13. Bxe7 Qxe7 14. Qb1 a6 15.
Ne1 O-O 16. Bf3 Bxf3 17. Nxf3 Nd7 18. Ra2 Nb6 19. Qa1 Na4 20. Nd2 Qc7 21. Ne4
Qc6 22. f3 Ra7 23. Qb1 h6 24. Qe1 Nb6 25. Qg3 Nd5 26. Nf6+ Nxf6 27. exf6 g6 28.
h4 Rd8 29. Qf4 Kh7 30. g4 Qd6 31. Qh2 Qxh2+ 32. Rxh2 b4 33. Rd1 b3 34. h5 g5
35. f4 gxf4 36. Rb1 a5 37. Rg2 Rd5 38. Rf2 a4 39. Rxf4 a3 40. Rf2 b2 41. Rbf1
a2 42. Rxb2 a1=Q 43. Rbb1 Qxb1 44. Rxb1 Rg5 45. Rb2 Rxg4+ 46. Kh2 Rf4 0-1

[Event "MBSK MT/HT"]
[Site "?"]
[Date "2000.07.14"]
[Round "1"]
[White "Sitzler, Manfred"]
[Black "Gjorseski, Goce"]
[Result "0-1"]
[WhiteElo "1426"]
[BlackElo "1907"]
[PlyCount "74"]

1. d4 d5 2. Nf3 e6 3. e3 Bd6 4. Bd3 c6 5. O-O f5 6. c3 Nd7 7. Nbd2 Ngf6 8. a4
Ne4 9. Bb1 O-O 10. Qc2 Rf6 11. c4 Rh6 12. Re1 g5 13. Nf1 g4 14. N3d2 Ndf6 15.
g3 Qe8 16. Qd1 Ng5 17. f4 gxf3 18. Nxf3 Nh3+ 19. Kg2 Ne4 20. Bxe4 fxe4 21. Ng1
Nxg1 22. Kxg1 Qf7 23. c5 Bc7 24. Re2 Rf6 25. Qe1 Bd7 26. Rf2 Rf8 27. Rxf6 Qxf6
28. Bd2 e5 29. Bc3 Bh3 30. Qe2 Qg5 31. Re1 h5 32. Nd2 exd4 33. exd4 Bxg3 34.
hxg3 Qxg3+ 35. Kh1 Rf2 36. Rg1 Bg2+ 37. Rxg2 Qxg2# 0-1

[Event "MBSK MT/HT"]
[Site "?"]
[Date "2000.07.14"]
[Round "1"]
[White "Roth, Johann"]
[Black "Sitzler, Fabian"]
[Result "1-0"]
[WhiteElo "1886"]
[BlackElo "1383"]
[PlyCount "99"]

1. d4 Nf6 2. Bf4 e6 3. e3 c5 4. Nf3 Nc6 5. Bd3 d5 6. c3 Be7 7. Nbd2 O-O 8. O-O
b6 9. Ne5 Bb7 10. Ndf3 Ne4 11. Nxc6 Bxc6 12. Ne5 Bb7 13. f3 Nf6 14. Bg5 Nd7 15.
Bxe7 Qxe7 16. f4 Nxe5 17. fxe5 Qg5 18. Rf3 f5 19. exf6 Rxf6 20. Qe2 Rxf3 21.
Qxf3 Rf8 22. Qh3 Qh6 23. Qg3 Bc6 24. Rf1 Rxf1+ 25. Kxf1 Qf6+ 26. Ke2 Be8 27.
Qb8 Qf7 28. Bb5 Qh5+ 29. Ke1 Kf8 30. Qd6+ Kf7 31. Bxe8+ Kxe8 32. Qxe6+ Kf8 33.
Qd6+ Kf7 34. dxc5 bxc5 35. Qxc5 Qh4+ 36. Kf1 Qxh2 37. Qxd5+ Kg6 38. Qe4+ Kg5
39. Qf4+ Qxf4+ 40. exf4+ Kxf4 41. b4 Ke4 42. c4 Kd4 43. c5 Kd5 44. Kf2 a5 45.
a3 g5 46. g4 Kc6 47. Ke3 Kd5 48. Kf3 h6 49. Ke3 Ke6 50. Ke4 1-0

[Event "MBSK MT/HT"]
[Site "?"]
[Date "2000.07.14"]
[Round "1"]
[White "Rothfuß, Sandra"]
[Black "Peponis , Pantelis"]
[Result "0-1"]
[WhiteElo "1370"]
[BlackElo "1815"]
[PlyCount "74"]

1. e4 e5 2. Nf3 Nc6 3. c3 Nf6 4. d4 Nxe4 5. d5 Nb8 6. Qe2 Nf6 7. Nxe5 Be7 8. c4
d6 9. Nf3 O-O 10. Nc3 Bg4 11. h3 Bh5 12. Qd1 Nbd7 13. Be2 Re8 14. O-O Bxf3 15.
Bxf3 Ne5 16. Be2 Nfd7 17. Be3 Bf8 18. Re1 a5 19. Qc1 Nc5 20. Rd1 g6 21. f4 Ned7
22. Rf1 f5 23. Nb5 Bg7 24. Rb1 Ne4 25. Bf3 Ndc5 26. Nd4 Ng3 27. Rd1 Qe7 28. Bf2
Nge4 29. Be3 Rf8 30. Bxe4 Qxe4 31. Qc3 Rae8 32. Re1 Nd3 33. Bf2 Nxe1 34. Rxe1
Bxd4 35. Rxe4 Bxc3 36. Rxe8 Rxe8 37. bxc3 Re4 0-1

[Event "MBSK MT/HT"]
[Site "?"]
[Date "2000.07.14"]
[Round "1"]
[White "Merkel, Markus"]
[Black "Roth, Thomas"]
[Result "1-0"]
[WhiteElo "1945"]
[BlackElo "1496"]
[PlyCount "67"]

1. c4 e5 2. g3 Bc5 3. Bg2 Nf6 4. Nc3 d6 5. e3 c6 6. Nge2 Be6 7. Qa4 O-O 8. O-O
Nbd7 9. b4 Bb6 10. d3 d5 11. c5 Bc7 12. f4 g6 13. Qc2 Nh5 14. Bb2 f5 15. Nb1 g5
16. Bf3 Ng7 17. Na3 a6 18. Rae1 Re8 19. Nb1 Qe7 20. Nd2 a5 21. a3 axb4 22. axb4
b6 23. Nb3 bxc5 24. bxc5 Reb8 25. d4 e4 26. Bg2 g4 27. Ra1 Qd8 28. Bc3 Rb5 29.
Rxa8 Qxa8 30. Ra1 Qb7 31. Nec1 Nb8 32. Bf1 Na6 33. Bxb5 Qxb5 34. Qe2 1-0

[Event "MBSK MT/HT"]
[Site "?"]
[Date "2000.07.15"]
[Round "2"]
[White "Peponis , Pantelis"]
[Black "Merkel, Markus"]
[Result "1/2-1/2"]
[WhiteElo "1810"]
[BlackElo "1935"]
[PlyCount "66"]

1. d4 b6 2. c4 e6 3. Nc3 Bb7 4. e4 Bb4 5. f3 Ne7 6. Bd3 Bxc3+ 7. bxc3 d6 8. Ne2
c5 9. Qc2 e5 10. Be3 Nbc6 11. a3 Na5 12. O-O Ba6 13. f4 Qd7 14. fxe5 dxe5 15.
Rad1 Qc6 16. dxc5 bxc5 17. Ng3 Bxc4 18. Qf2 Be6 19. Bxc5 Rc8 20. Bb4 Qb6 21.
Qxb6 axb6 22. Bb5+ Nac6 23. Rd6 O-O 24. Rfd1 Nxb4 25. cxb4 Ra8 26. R1d3 Rab8
27. Ba6 Ng6 28. Rc3 Rfd8 29. Rcc6 Rxd6 30. Rxd6 Kf8 31. Rc6 Nf4 32. Ne2 Nxe2+
33. Bxe2 Ra8 1/2-1/2

[Event "MBSK HT"]
[Site "?"]
[Date "2000.07.16"]
[Round "3"]
[White "Rothfuß, Sandra"]
[Black "Sitzler, Fabian"]
[Result "1/2-1/2"]
[WhiteElo "1380"]
[BlackElo "1383"]
[PlyCount "46"]

1. e4 c5 2. c3 Nc6 3. d4 cxd4 4. cxd4 e6 5. Nc3 d6 6. Bb5 a6 7. Ba4 b5 8. Bb3
Nf6 9. Nge2 Be7 10. f3 O-O 11. O-O Bb7 12. Be3 Na5 13. Bc2 Nc4 14. Bc1 b4 15.
b3 Nb6 16. Nb1 a5 17. Be3 Ba6 18. a3 d5 19. e5 Nfd7 20. a4 Bg5 21. f4 Be7 22.
f5 Bg5 23. Bf4 Bxf4 1/2-1/2

[Event "MBSK HT"]
[Site "?"]
[Date "2000.07.16"]
[Round "3"]
[White "Brüchert, Matthias"]
[Black "von der Ahe, Florian"]
[Result "1/2-1/2"]
[WhiteElo "1565"]
[BlackElo "1349"]
[PlyCount "52"]

1. e4 c5 2. Bc4 Nc6 3. Nc3 d6 4. d3 e6 5. Nf3 Nf6 6. O-O Be7 7. h3 O-O 8. Re1
a6 9. a4 Nd4 10. Be3 Nxf3+ 11. Qxf3 Nd7 12. Qg3 Ne5 13. Ba2 Bh4 14. Qh2 Qf6 15.
Qf4 Qxf4 16. Bxf4 Bf6 17. Bh2 Rd8 18. Rad1 Nc6 19. f4 Nd4 20. Rd2 Bh4 21. Rf1
b5 22. g3 Be7 23. Kg2 Bb7 24. Ra1 b4 25. Ne2 Nxe2 26. Rxe2 a5 1/2-1/2

[Event "MBSK HT"]
[Site "?"]
[Date "2000.07.16"]
[Round "3"]
[White "Grampp, Holger"]
[Black "Roth, Thomas"]
[Result "1-0"]
[WhiteElo "1729"]
[BlackElo "1496"]
[PlyCount "49"]

1. d4 d5 2. c4 c6 3. Nf3 Nf6 4. Nc3 e6 5. Bg5 Be7 6. e3 O-O 7. Bd3 Nbd7 8. O-O
b6 9. Rc1 dxc4 10. Bxc4 c5 11. d5 exd5 12. Nxd5 Bb7 13. Nxe7+ Qxe7 14. Qe2 Ne5
15. Nxe5 Qxe5 16. Bf4 Qe4 17. f3 Qe7 18. Rfd1 Rad8 19. e4 h6 20. Bd2 Nd7 21.
Bc3 Ne5 22. Bb3 a6 23. a4 Kh8 24. Qe3 Ng6 25. Qxh6+ 1-0

[Event "MBSK HT"]
[Site "?"]
[Date "2000.07.16"]
[Round "3"]
[White "Merkel, Markus"]
[Black "Lorenz, Michael"]
[Result "0-1"]
[WhiteElo "1945"]
[BlackElo "1850"]
[PlyCount "52"]

1. c4 c5 2. g3 Nc6 3. Bg2 Nf6 4. Nc3 g6 5. e4 e5 6. Nge2 Bg7 7. O-O O-O 8. d3
d6 9. f4 Ne7 10. h3 Nh5 11. Be3 f5 12. Qd2 Rb8 13. Kh2 a6 14. Bf3 exf4 15. Nxf4
Nxf4 16. Bxf4 Nc6 17. Nd5 Be6 18. Rae1 Bxd5 19. exd5 Nd4 20. Qe3 Kf7 21. g4 Qd7
22. gxf5 Nxf5 23. Qe6+ Qxe6 24. Rxe6 Rfe8 25. Bxd6 Nxd6 26. Rxd6 Be5+ 0-1

[Event "MBSK HT"]
[Site "?"]
[Date "2000.07.16"]
[Round "3"]
[White "Roth, Johann"]
[Black "Peponis, Pantelis"]
[Result "0-1"]
[WhiteElo "1886"]
[BlackElo "1815"]
[PlyCount "70"]

1. d4 Nf6 2. g3 e6 3. Bg2 d5 4. Bg5 Nbd7 5. e4 dxe4 6. Nd2 e3 7. Bxe3 c5 8.
Ngf3 Be7 9. O-O Nd5 10. c4 Nxe3 11. fxe3 Nf6 12. Qc2 O-O 13. Rad1 Ng4 14. Qd3
Qc7 15. Ne4 f5 16. Nc3 a6 17. d5 e5 18. d6 Bxd6 19. Qxd6 Qxd6 20. Rxd6 Nxe3 21.
Nxe5 Nxf1 22. Kxf1 Re8 23. Bd5+ Kf8 24. Nd3 Rb8 25. Nxc5 b5 26. Bc6 Re5 27. Nd5
bxc4 28. Rd8+ Kf7 29. Nxa6 Bxa6 30. Rxb8 c3+ 31. Kf2 c2 32. Rd8 c1=Q 33. Rd7+
Kg6 34. Nf4+ Kh6 35. Rd6+ g6 0-1

[Event "MBSK HT"]
[Site "?"]
[Date "2000.07.16"]
[Round "3"]
[White "Kaupp, Wolfgang"]
[Black "Gjorseski, Goce"]
[Result "1-0"]
[WhiteElo "1601"]
[BlackElo "1907"]
[PlyCount "93"]

1. Nf3 d5 2. g3 c6 3. Bg2 Nd7 4. c4 e6 5. cxd5 exd5 6. O-O Bd6 7. b3 Ngf6 8.
Bb2 O-O 9. d3 Qc7 10. Nbd2 Re8 11. Rc1 Ne5 12. Rc2 Bf5 13. Re1 Qe7 14. Qa1 Nfd7
15. Nh4 Bg6 16. Nxg6 fxg6 17. Nf3 g5 18. Rcc1 Ng4 19. e4 dxe4 20. Rxe4 Nge5 21.
Nxe5 Nxe5 22. d4 Nf3+ 23. Bxf3 Qf7 24. Rxe8+ Rxe8 25. Bg2 Re2 26. Rf1 h5 27.
Bc1 Re8 28. Bxg5 Qf5 29. Be3 h4 30. Qb1 Qh5 31. Qd1 Qh7 32. Qg4 hxg3 33. hxg3
Kf7 34. Qd7+ Be7 35. Bg5 Qh5 36. Bxe7 Rxe7 37. Qd6 Qa5 38. Qf4+ Kg8 39. a4 Qc3
40. d5 Qxb3 41. dxc6 bxc6 42. Bxc6 Qe6 43. Qf3 Qh3 44. Bd5+ Kh7 45. Qg2 Qf5 46.
g4 Qg5 47. f4 1-0

[Event "MBSK HT"]
[Site "?"]
[Date "2000.07.16"]
[Round "4"]
[White "Lorenz, Michael"]
[Black "Grampp, Holger"]
[Result "1/2-1/2"]
[WhiteElo "1850"]
[BlackElo "1729"]
[PlyCount "139"]

1. c4 Nf6 2. Nc3 c5 3. Nf3 Nc6 4. d4 cxd4 5. Nxd4 g6 6. e4 Nxd4 7. Qxd4 d6 8.
Be2 Bg7 9. O-O O-O 10. Qd1 Be6 11. Be3 b6 12. Rc1 Nd7 13. Bd4 f5 14. Bxg7 Kxg7
15. Qd4+ Nf6 16. Bf3 Rc8 17. b3 Qc7 18. Nd5 Bxd5 19. exd5 b5 20. Qb2 Qb6 21.
Qe2 bxc4 22. Rxc4 Qb7 23. Rfc1 Rxc4 24. Qxc4 Kf7 25. g3 Qb6 26. Qe2 Re8 27. Qc4
Qa5 28. b4 Qb6 29. b5 Qa5 30. a4 a6 31. bxa6 Ra8 32. Be2 Ne4 33. Qb5 Qd2 34.
Rd1 Qc2 35. Qd3 Qxa4 36. Qc4 Qa5 37. Qb5 Qa2 38. Rf1 Nc3 39. Bc4 Nxb5 40. Bxa2
Rxa6 41. Bc4 Ra5 42. Rd1 Nc7 43. f4 Rc5 44. Bb3 Kf6 45. Rd2 Nb5 46. Kf2 Nc3 47.
Ke1 Ne4 48. Ra2 Rc3 49. Bc2 Re3+ 50. Kd1 Re2 51. Kxe2 Nc3+ 52. Ke3 Nxa2 53. Bb3
Nb4 54. Bc4 Nc2+ 55. Kd2 Nd4 56. Ke3 e5 57. dxe6 Nxe6 58. h4 Nc7 59. Kd4 Ke7
60. Bg8 h6 61. Bh7 Kf6 62. Bg8 Kg7 63. Bc4 Kf6 64. Bd3 Ne6+ 65. Ke3 g5 66.
hxg5+ hxg5 67. fxg5+ Kxg5 68. Be2 Nc5 69. Bf3 Ne6 70. Bd5 1/2-1/2

[Event "MBSK HT"]
[Site "?"]
[Date "2000.07.16"]
[Round "4"]
[White "Sitzler, Fabian"]
[Black "Brüchert, Matthias"]
[Result "0-1"]
[WhiteElo "1383"]
[BlackElo "1565"]
[PlyCount "40"]

1. d4 d5 2. Nf3 Bf5 3. e3 Nf6 4. Bd3 Bxd3 5. Qxd3 e6 6. O-O Bd6 7. Nbd2 Nc6 8.
c3 O-O 9. e4 e5 10. exd5 Nxd5 11. dxe5 Bxe5 12. Nxe5 Nxe5 13. Qg3 Ng6 14. Nf3
Re8 15. Rd1 Qe7 16. Bg5 Qc5 17. Nd4 c6 18. Re1 Qb6 19. Rxe8+ Rxe8 20. Rb1 Qxb2
0-1

[Event "MBSK HT"]
[Site "?"]
[Date "2000.07.16"]
[Round "4"]
[White "Gjorseski, Goce"]
[Black "Merkel, Markus"]
[Result "0-1"]
[WhiteElo "1907"]
[BlackElo "1945"]
[PlyCount "44"]

1. d4 e6 2. e3 b6 3. Nf3 Bb7 4. Bd3 Nf6 5. O-O Be7 6. Nbd2 d5 7. Ne5 Nbd7 8. f4
g6 9. c3 a6 10. Qe2 Ne4 11. Qg4 f5 12. Qh3 Nxe5 13. fxe5 h5 14. Qf3 c5 15. h3
b5 16. g4 hxg4 17. hxg4 Kd7 18. dxc5 Nxc5 19. Bc2 Rh4 20. gxf5 gxf5 21. a4 d4
22. e4 fxe4 0-1

[Event "MBSK HT"]
[Site "?"]
[Date "2000.07.16"]
[Round "?"]
[White "Peponis, Pantelis"]
[Black "Kaupp, Wolfgang"]
[Result "1-0"]
[WhiteElo "1815"]
[BlackElo "1601"]
[PlyCount "69"]

1. e4 c6 2. d4 d5 3. Nc3 dxe4 4. Nxe4 Bf5 5. Ng3 Bg6 6. h4 h6 7. h5 Bh7 8. c3
Nf6 9. Bd3 Bxd3 10. Qxd3 e6 11. N1e2 Bd6 12. Bf4 Bxf4 13. Nxf4 Qb6 14. O-O-O
Qa6 15. Qxa6 Nxa6 16. Rhe1 O-O 17. Nd3 b5 18. Ne5 Rac8 19. f4 c5 20. f5 exf5
21. Nxf5 Rfe8 22. Nd6 cxd4 23. Nxc8 Rxc8 24. Rxd4 Nxh5 25. Rd7 b4 26. Rxa7 Nc5
27. Kc2 bxc3 28. bxc3 Re8 29. Nf3 Rxe1 30. Nxe1 Nf4 31. a4 f5 32. a5 Kh7 33.
Rc7 Nfe6 34. Rc6 f4 35. a6 1-0

[Event "MBSK HT"]
[Site "?"]
[Date "2000.07.16"]
[Round "4"]
[White "Roth, Thomas"]
[Black "Rothfuß, Sandra"]
[Result "1-0"]
[WhiteElo "1496"]
[BlackElo "1380"]
[PlyCount "83"]

1. e4 e6 2. d4 d5 3. exd5 exd5 4. Nf3 c6 5. Bf4 Nf6 6. Bd3 Bd6 7. Bxd6 Qxd6 8.
Qe2+ Qe6 9. Qxe6+ Bxe6 10. Ng5 Bd7 11. O-O O-O 12. Nd2 h6 13. Ngf3 Be6 14. Rfe1
Nbd7 15. Ne5 Nxe5 16. Rxe5 Rfe8 17. Rae1 Bd7 18. h3 Kf8 19. Nf3 Be6 20. Nh4 Nd7
21. R5e3 Nb6 22. b3 Rad8 23. Bf5 Bxf5 24. Rxe8+ Rxe8 25. Rxe8+ Kxe8 26. Nxf5
Kf8 27. Nd6 Nd7 28. Nxb7 Ke7 29. Kf1 Nf6 30. Nc5 Ne4 31. Nxe4 dxe4 32. Ke2 Ke6
33. c4 f5 34. Ke3 g6 35. b4 Kd6 36. a4 a6 37. Kf4 Ke6 38. f3 exf3 39. Kxf3 g5
40. h4 Kf6 41. b5 cxb5 42. cxb5 1-0

[Event "MBSK HT"]
[Site "?"]
[Date "2000.07.16"]
[Round "4"]
[White "von der Ahe, Florian"]
[Black "Sitzler, Manfred"]
[Result "1-0"]
[WhiteElo "1349"]
[BlackElo "1426"]
[PlyCount "117"]

1. Nf3 Nf6 2. g3 d5 3. Bg2 e6 4. O-O Be7 5. d3 O-O 6. Nbd2 Nbd7 7. b3 h6 8. Bb2
Nh7 9. e4 dxe4 10. Nxe4 f5 11. Nc3 Rf7 12. Re1 Nhf8 13. Qd2 a6 14. Rad1 Rb8 15.
d4 Bd6 16. Ne5 Nxe5 17. dxe5 Rd7 18. exd6 Rxd6 19. Qe2 b5 20. Rxd6 cxd6 21. Rd1
d5 22. Qe5 Rb7 23. Rd3 Ng6 24. Qd4 Rd7 25. f4 Bb7 26. a4 Bc6 27. axb5 axb5 28.
Qc5 Rc7 29. Qb6 Qd7 30. Qd4 Qd6 31. Na2 Bb7 32. Re3 Nf8 33. Rc3 Bc6 34. Nb4 Bb7
35. Rxc7 Qxc7 36. Bf1 Nh7 37. Bxb5 Nf6 38. Bd3 Kf7 39. Qa7 Ne8 40. Bb5 Nd6 41.
Bd3 Nc8 42. Qd4 Kg8 43. Ba6 Nd6 44. Bxb7 Qxb7 45. c4 Ne8 46. cxd5 exd5 47.
Qxd5+ Qxd5 48. Nxd5 Kf7 49. b4 Ke6 50. Ne3 g6 51. b5 Kd6 52. b6 Kc6 53. Bd4 Nd6
54. Kf2 Ne4+ 55. Ke2 Nd6 56. Kd3 Nb5 57. Nc4 Kb7 58. Na5+ Kb8 59. Be5+ 1-0

[Event "MBSK HT"]
[Site "?"]
[Date "2000.07.21"]
[Round "5"]
[White "Merkel, Markus"]
[Black "Kaupp, Wolfgang"]
[Result "1-0"]
[WhiteElo "1945"]
[BlackElo "1601"]
[PlyCount "51"]

1. c4 c6 2. b3 d5 3. Bb2 Nd7 4. Nf3 e6 5. g3 Ngf6 6. Bg2 Bd6 7. d4 O-O 8. O-O
b5 9. Nbd2 Bb7 10. Qc2 Rc8 11. e4 dxe4 12. Nxe4 Nxe4 13. Qxe4 Nf6 14. Qc2 Be7
15. Rac1 h6 16. Ne5 Qb6 17. Rfe1 Rfe8 18. Bh3 Rcd8 19. Nxf7 Bb4 20. Nxh6+ Kf8
21. Qg6 Qc7 22. Rxe6 Rxe6 23. Bxe6 Bd2 24. Rd1 Bb4 25. d5 Qe7 26. Nf5 1-0

[Event "MBSK HT"]
[Site "?"]
[Date "2000.07.21"]
[Round "5"]
[White "von der Ahe, Florian"]
[Black "Roth, Thomas"]
[Result "0-1"]
[WhiteElo "1349"]
[BlackElo "1486"]
[PlyCount "78"]

1. Nf3 d5 2. g3 Nc6 3. Bg2 e5 4. d3 f6 5. O-O Be6 6. Nbd2 Qd7 7. c4 O-O-O 8.
Qa4 g5 9. Ne1 h5 10. Nc2 h4 11. b4 hxg3 12. fxg3 Bh3 13. b5 Bxg2 14. bxc6 Qh3
15. Qxa7 Qxh2+ 16. Kf2 Bxf1+ 17. Kxf1 Qh1+ 18. Qg1 Qxg1+ 19. Kxg1 bxc6 20. a4
Bc5+ 21. Kg2 Ne7 22. a5 dxc4 23. dxc4 f5 24. Nb3 Ba7 25. Bxg5 Rde8 26. Bf6 Rhg8
27. Kh3 Rg6 28. Bxe5 Reg8 29. a6 f4 30. Bxf4 Nf5 31. Kg2 Nxg3 32. Kf3 Nf5 33.
e4 Nh4+ 34. Ke2 Rg2+ 35. Kd3 Ng6 36. Be3 Ne5+ 37. Kc3 R2g3 38. Kd2 Nxc4+ 39.
Kd3 Nxe3 0-1

[Event "MBSK HT"]
[Site "?"]
[Date "2000.07.21"]
[Round "5"]
[White "Sitzler, Manfred"]
[Black "Sitzler, Fabian"]
[Result "1/2-1/2"]
[WhiteElo "1426"]
[BlackElo "1383"]
[PlyCount "20"]

1. e4 c5 2. Nf3 e6 3. d4 cxd4 4. Nxd4 Nc6 5. c3 Be7 6. Be3 Nf6 7. Be2 O-O 8.
O-O d6 9. Nd2 e5 10. N4f3 Bd7 1/2-1/2

[Event "MBSK HT"]
[Site "?"]
[Date "2000.07.21"]
[Round "5"]
[White "Rothfuß, Sandra"]
[Black "Thorvaldsen, Petter"]
[Result "0-1"]
[WhiteElo "1380"]
[BlackElo "1078"]
[PlyCount "56"]

1. e4 c5 2. c3 e6 3. d4 d5 4. exd5 exd5 5. Nf3 Nf6 6. Be3 b6 7. Nbd2 Bd6 8. Be2
O-O 9. O-O h6 10. Ne1 Bb7 11. Bf3 Nbd7 12. Nc2 Qc7 13. h3 Rae8 14. Na3 a6 15.
Nc2 Nh7 16. b3 f5 17. Nb1 Nhf6 18. Be2 Bh2+ 19. Kh1 Ne4 20. c4 Kh8 21. dxc5
bxc5 22. cxd5 Qd6 23. Bc4 Be5 24. Bd4 cxd4 25. Nxd4 Qc5 26. Ne6 Nxf2+ 27. Rxf2
Qxf2 28. Nxf8 Rxf8 0-1

[Event "MBSK HT"]
[Site "?"]
[Date "2000.07.21"]
[Round "5"]
[White "Grampp, Holger"]
[Black "Roth, Johann"]
[Result "1/2-1/2"]
[WhiteElo "1729"]
[BlackElo "1886"]
[PlyCount "43"]

1. d4 Nf6 2. Bg5 d5 3. Bxf6 exf6 4. Nf3 c6 5. e3 Bd6 6. c4 dxc4 7. Bxc4 Nd7 8.
O-O O-O 9. Nc3 a6 10. Qc2 c5 11. Ne4 Qe7 12. Nxd6 Qxd6 13. Rfd1 cxd4 14. Rxd4
Qe7 15. Rad1 Ne5 16. Be2 Be6 17. a3 Rac8 18. Qd2 Bb3 19. Rc1 Rxc1+ 20. Qxc1 Nc6
21. Rd3 Be6 22. Qd1 1/2-1/2

[Event "MBSK HT"]
[Site "?"]
[Date "2000.07.22"]
[Round "6"]
[White "Grampp, Holger"]
[Black "Merkel, Markus"]
[Result "1/2-1/2"]
[WhiteElo "1729"]
[BlackElo "1945"]
[PlyCount "82"]

1. d4 e6 2. Nf3 Nf6 3. Bg5 b6 4. g3 Bb7 5. Bg2 Be7 6. O-O O-O 7. c4 h6 8. Bf4
d6 9. Nc3 Ne4 10. Qc2 Nxc3 11. Qxc3 Be4 12. Ne1 Bxg2 13. Nxg2 f5 14. Qb3 Nc6
15. Rad1 Bf6 16. Be3 g5 17. f4 g4 18. d5 Na5 19. Qc2 Qe7 20. b4 Nb7 21. dxe6
Qxe6 22. Bf2 c6 23. Rfe1 Rae8 24. Ne3 Bg7 25. Qa4 Qc8 26. b5 Nc5 27. Qxa7 Bc3
28. Rxd6 Rf7 29. Rg6+ Kf8 30. Qxb6 Nd7 31. Qa7 Bxe1 32. Bxe1 c5 33. Rc6 Qd8 34.
Bf2 Qe7 35. Nd5 Qxe2 36. Bxc5+ Nxc5 37. Qxc5+ Kg7 38. Qd4+ Kh7 39. Qa1 Qd3 40.
Nf6+ Rxf6 41. Rxf6 Qe3+ 1/2-1/2

[Event "MBSK HT"]
[Site "?"]
[Date "2000.07.22"]
[Round "6"]
[White "Kaupp, Wolfgang"]
[Black "Lorenz, Michael"]
[Result "1-0"]
[WhiteElo "1601"]
[BlackElo "1850"]
[PlyCount "79"]

1. Nf3 Nf6 2. c4 c5 3. g3 d5 4. cxd5 Nxd5 5. Bg2 Nc6 6. O-O e5 7. d3 Be7 8.
Nbd2 O-O 9. Nc4 f6 10. Nh4 Be6 11. a3 Qd7 12. Re1 a5 13. e4 Nc7 14. Nb6 Qd6 15.
Nxa8 Rxa8 16. Nf5 Qd7 17. Nxe7+ Qxe7 18. Be3 Nb5 19. Bh3 Bxh3 20. Qb3+ Qe6 21.
Qxb5 Qg4 22. Qb3+ c4 23. Qd1 cxd3 24. f3 Qd7 25. Qd2 Be6 26. Rac1 b5 27. Rc3 a4
28. Rxd3 Qf7 29. Rc1 Bc4 30. Rd7 Qh5 31. g4 Qg6 32. Rxc4 Nd4 33. Bxd4 bxc4 34.
Bc3 h5 35. Qd5+ Kh7 36. Qxa8 hxg4 37. f4 g3 38. h3 exf4 39. Qd5 Qe8 40. Bxf6
1-0

[Event "MBSK HT"]
[Site "?"]
[Date "2000.07.22"]
[Round "6"]
[White "Sitzler, Manfred"]
[Black "Rothfuß, Sandra"]
[Result "1-0"]
[WhiteElo "1426"]
[BlackElo "1380"]
[PlyCount "117"]

1. d4 d5 2. Nf3 Nf6 3. e3 e6 4. Bd3 c5 5. c3 b6 6. Nbd2 Nbd7 7. e4 dxe4 8. Nxe4
Bb7 9. Bg5 Be7 10. Nxf6+ Bxf6 11. Bxf6 Nxf6 12. dxc5 bxc5 13. Qa4+ Ke7 14. Rd1
Qb6 15. O-O Bc6 16. Qc2 Rab8 17. b3 Qb7 18. Qe2 Nd5 19. Rc1 Nf4 20. Qe3 Nxd3
21. Qxd3 Rbc8 22. c4 Be4 23. Qe3 Rhd8 24. Rcd1 Rxd1 25. Rxd1 Bxf3 26. gxf3 Qa6
27. Qg5+ Ke8 28. Qxg7 Ke7 29. Rd2 Qa5 30. Qg5+ Ke8 31. Re2 Rd8 32. Qh5 Ke7 33.
Qxh7 Rd2 34. Qh4+ Ke8 35. Re5 Rxa2 36. Rh5 Qe1+ 37. Kg2 Kd7 38. Rh8 Kc6 39.
Qe4+ Qxe4 40. fxe4 Kd6 41. Rd8+ Ke5 42. Rd7 f6 43. Kf3 Ra3 44. Rd3 Ra1 45. Ke3
Re1+ 46. Kf3 Rxe4 47. Rd7 Rd4 48. Rxa7 Rd3+ 49. Kg4 Rxb3 50. h4 Rb4 51. f4+ Ke4
52. h5 Rxc4 53. h6 Ke3 54. Ra3+ Ke2 55. h7 Rc1 56. h8=Q Rg1+ 57. Rg3 f5+ 58.
Kh4 Rh1+ 59. Rh3 1-0

[Event "MBSK HT"]
[Site "?"]
[Date "2000.07.22"]
[Round "6"]
[White "Roth, Johann"]
[Black "Roth, Thomas"]
[Result "0-1"]
[WhiteElo "1886"]
[BlackElo "1486"]
[PlyCount "109"]

1. Nf3 d5 2. g3 Nc6 3. Bg2 e5 4. d3 f6 5. O-O Be6 6. Nbd2 Qd7 7. c4 dxc4 8.
dxc4 O-O-O 9. Qc2 Bf5 10. Qa4 Kb8 11. a3 Nd4 12. Qd1 Nxf3+ 13. Bxf3 Bg4 14. Qc2
Bxf3 15. Nxf3 g6 16. Be3 Nh6 17. Rfd1 Qe7 18. Bc5 Qe8 19. Rxd8+ Qxd8 20. Rd1
Qe8 21. Be3 Bg7 22. Qd2 Nf5 23. Qd7 Nxe3 24. fxe3 Bh6 25. Kf2 e4 26. Nh4 Qxd7
27. Rxd7 Kc8 28. Re7 f5 29. Ng2 Kd8 30. Rf7 Bg5 31. Nf4 Bxf4 32. exf4 Kc8 33.
h4 Rd8 34. h5 Rd7 35. hxg6 hxg6 36. Rf6 Rd6 37. Rxd6 cxd6 38. Ke3 Kd7 39. Kd4
Kc6 40. b3 a6 41. a4 a5 42. g4 fxg4 43. Kxe4 Kc5 44. Ke3 Kb4 45. Kf2 Kxb3 46.
Kg3 Kxa4 47. e4 Kb3 48. e5 dxe5 49. fxe5 a4 50. e6 a3 51. e7 a2 52. e8=Q a1=Q
53. Qb5+ Kc2 54. c5 Qd4 55. c6 0-1

[Event "MBSK HT"]
[Site "?"]
[Date "2000.07.22"]
[Round "6"]
[White "Peponis, Pantelis"]
[Black "Brüchert, Matthias"]
[Result "1/2-1/2"]
[WhiteElo "1815"]
[BlackElo "1565"]
[PlyCount "125"]

1. d4 d5 2. Nf3 Bf5 3. c4 e6 4. Nc3 Nf6 5. Bg5 Be7 6. e3 Nc6 7. a3 O-O 8. Be2
h6 9. Bh4 b6 10. Qa4 Na5 11. cxd5 exd5 12. O-O Be6 13. Ne5 Nd7 14. Bxe7 Qxe7
15. Nxd5 Qd6 16. Nf4 Nxe5 17. Nxe6 Qxe6 18. dxe5 Qxe5 19. b4 Qb2 20. Bf3 Qb3
21. Qd7 Rad8 22. Qxc7 Nc4 23. Rfb1 Rc8 24. Qf4 Qa4 25. b5 Qa5 26. Bc6 Nd2 27.
Rb4 Rcd8 28. h3 Rd3 29. Be4 Nxe4 30. Qxe4 Rxa3 31. Rxa3 Qxa3 32. Ra4 Qc1+ 33.
Kh2 Qc7+ 34. Qf4 Qxf4+ 35. exf4 Ra8 36. Kg3 Kf8 37. Rc4 a5 38. bxa6 Rxa6 39.
Rc7 Ra1 40. Rb7 Rb1 41. Kf3 b5 42. Ke2 b4 43. g4 b3 44. Kd2 b2 45. Ke2 Rh1 46.
Rxb2 Rxh3 47. Rb8+ Ke7 48. Rb7+ Ke6 49. Rb5 g6 50. Re5+ Kf6 51. Rb5 Rc3 52.
Rb6+ Kg7 53. f3 h5 54. Kf2 h4 55. Kg2 h3+ 56. Kxh3 Rxf3+ 57. Kh4 Rxf4 58. Kg3
Rc4 59. Rb3 f5 60. gxf5 gxf5 61. Rb6 Re4 62. Kf3 Kf7 63. Ra6 1/2-1/2

[Event "MBSK HT"]
[Site "?"]
[Date "2000.07.23"]
[Round "7"]
[White "Roth, Thomas"]
[Black "Peponis, Pantelis"]
[Result "0-1"]
[WhiteElo "1485"]
[BlackElo "1815"]
[PlyCount "92"]

1. e4 e5 2. Bc4 Nf6 3. d4 exd4 4. Nf3 Bb4+ 5. Bd2 Bxd2+ 6. Nbxd2 c5 7. e5 d5 8.
exf6 dxc4 9. Qe2+ Be6 10. Nxc4 gxf6 11. O-O-O Qc7 12. Rhe1 Nc6 13. Ncd2 O-O-O
14. a3 Qa5 15. Ne4 c4 16. Nxf6 c3 17. Ne5 Qb6 18. Nd3 Na5 19. b3 Qd6 20. b4 Nc4
21. a4 a5 22. Ne4 Qe7 23. Nec5 Qe8 24. b5 Qf8 25. Qe4 Rd5 26. Nxe6 Qa3+ 27. Kb1
Re5 28. Qg4 Nd2+ 29. Rxd2 Rxe1+ 30. Rd1 Rxd1+ 31. Qxd1 fxe6 32. Qg4 Qe7 33.
Qxd4 Rd8 34. Qxc3+ Qc7 35. Qxc7+ Kxc7 36. Kb2 Rd4 37. Nc5 Kb6 38. Nxe6 Rxa4 39.
Kb3 Rb4+ 40. Kc3 Rxb5 41. Nd4 Rb4 42. Kd3 a4 43. Ke3 a3 44. f4 a2 45. Nb3 Rxb3+
46. cxb3 a1=Q 0-1